[Event "USA-ch Gr-B"]
[Site "Salt Lake City"]
[Date "1999.08.25"]
[Round "3"]
[White "Kaidanov, Gregory S"]
[Black "Serper, Grigory"]
[Result "1-0"]
[WhiteElo "2611"]
[BlackElo "2540"]
[Annotator "Ribli,Z"]
[PlyCount "85"]
[EventDate "1999.08.05"]
[EventType "tourn"]
[EventRounds "7"]
[EventCountry "USA"]
[EventCategory "13"]
[SourceTitle "CBM 073"]
[Source "ChessBase"]
[SourceDate "1999.12.01"]
[SourceVersion "1"]
[SourceVersionDate "1999.12.01"]
[SourceQuality "1"]

{[%mdl 8704]} 1. d4 Nf6 2. c4 e6 3. Nf3 d5 4. Nc3 Bb4 {Grossmeister Serper
spielt gerne die sogenannte Ragozin-Variante, die eigentlich eine Mischung aus
Damengambit und Nimzoindischer Verteidigung ist. Ribli.} 5. Bg5 {Dieser
Fortsetzung ist prinzipiell, aber Weiss kann auch 5.cxd5 exd5 6.Bg5 spielen,
denn der Textzug erlaubt Schwarz mit 6...dxc4 in die sogenannte Wiener
Variante überzugehen.} h6 (5... Nbd7) (5... dxc4) 6. Bxf6 Qxf6 7. Qb3 c5 8.
cxd5 $5 (8. e3 cxd4 9. exd4 Bxc3+ (9... Qe7 $6 10. c5 Bxc3+ (10... Ba5 11. Bb5+
Bd7 12. Ne5 Nc6 13. Bxc6 Bxc6 14. O-O Bc7 15. f4 $16 {[%csl Ge5]}) 11. Qxc3 $14
) 10. Qxc3 dxc4 11. Bxc4 Nc6 12. O-O Bd7 $11) 8... exd5 9. e3 Nc6 (9... O-O 10.
dxc5 Bxc3+ 11. bxc3 Qc6 (11... Nd7 $5 12. Nd4 Nxc5 13. Qxd5 b6 14. Be2 (14.
Qxa8 Bb7 15. Qxa7 Ra8 16. Qxa8+ Bxa8 17. f3 Qh4+ 18. g3 Qg5 19. Kf2 Bxf3 20.
Rg1 Bb7 {0-1 Cruz Lopez Claret,C-Mitkov,N/VI Aceimar Open, Mondariz Balneario
ESP 1999 (20)}) 14... Bb7 15. Qf5 Qxf5 16. Nxf5 Be4 17. Ne7+ Kh7 18. Bf3 Rfe8
19. Nd5 Rac8 20. O-O Na4 21. Bxe4+ Rxe4 22. Rfd1 Nxc3 23. Nxc3 Rxc3 {1/2-1/2
Antonsen,M-Tompa,J/Aarhus 1991/EXT 97 (50)}) 12. Qb5 (12. Qb4 Be6 13. Nd4 Qc7
14. Be2 Nd7 15. c4 Qxc5 16. Qxc5 Nxc5 17. Nxe6 fxe6 18. cxd5 exd5 19. Bf3 Rad8
20. Rd1 Ne4 21. O-O Nf6 22. Rd4 {1-0 Kramnik,V-San Segundo ,P/Rapidplay,
Villarrobledo ESP 1998 (38)}) 12... Qc7 13. Nd4 $14 b6 14. c6 $1 Bd7 15. Qxd5
Bxc6 16. Qf5 $5 {1-0 Galliamova Ivanchuk,A-Muhutdinov,M/Azov 1996/CBM 56 ext/
[Makarichev] (37)}) 10. Bb5 {Diese Variante ist gefährlich für Schwarz. Weiss
hat eine starke Zentrumsstellung, während der schwarze d5-Bauer eine ewige
Schwäche ist.} O-O (10... a6 11. Bxc6+ bxc6 12. a3 Bxc3+ 13. bxc3 $14 c4 $2 14.
Qb4 $16 {[%cal Gb4f8]}) 11. dxc5 d4 {Schwarz muss Komplikationen einleiten. Er
hat das Läuferpaar und gute Entwicklung, aber es ist fraglich, ob er genügend
Kompensation für den Bauern besitzt.} (11... Bxc3+ 12. Qxc3 Qxc3+ 13. bxc3 Na5
14. Nd4 $16 {[%csl Gd4][%cal Gd4b3]}) (11... Bxc5 12. Nxd5 $16) 12. Bxc6 dxc3
13. Qxb4 cxb2 14. Rb1 {Nach forcierten Vereinfachungen gewinnt Weiss einen
Bauern.} bxc6 (14... Qxc6 15. O-O $16) 15. Qxb2 {Die Alternative ist auch
vorteilhaft für Weiss, aber die sofortige Annahme des Bauern ist logisch. In
diesem Fall rochiert Weiss nicht. Er hat andere Ideen.} (15. O-O $5 Ba6 16.
Rfe1 Rab8 17. Qa3 Bc4 18. Nd4 Rfe8 $1 19. f3 Qg5 20. Nxc6 Rbc8 $6 (20... Rb5
21. Nd4 Rxc5 22. Rxb2 Ra5 23. Qc3 Rxa2 24. Rxa2 Bxa2 25. Ra1 Be6 $1) 21. f4 $1
Qd5 22. Ne5 Qxc5 23. Qxc5 Rxc5 24. Rxb2 {1-0 Seirawan,Y-Polgar,J/Amsterdam
1995/Inf 64/[Seirawan,Y] (62)}) 15... Qf5 {[%cal Rf5c5]} (15... Qg6 16. O-O Bh3
{[%cal Rg6g2]} 17. Nh4 Qg5 {[%csl Rh4]} 18. Qd4 $146 (18. Qb4 Rab8 (18... Rad8
$44) 19. Qf4 Qxf4 20. exf4 Be6 21. a3 Rb5 22. Rxb5 cxb5 23. Rb1 a6 24. Rc1 Rc8
25. c6 Kf8 26. Nf3 Ke7 27. Nd4 $14 {Jusiak,G-Rotstein,A/Naleczow op 1989/1/2-1/
2 (56)}) 18... Rfd8 19. Qa4 Bg4 {[%csl Rh4][%cal Rg5h4]} 20. g3 {1-0 Akopian,
V-Ibragimov,I/New York 1998/CBM 64/[Ribli] (39)}) 16. Rc1 {Weiss verteidigt
seinen Mehrbauern, aber auch die Rückgabe führt zu besserem Spiel.} (16. O-O
Qxc5 17. Rfc1 {[%csl Rc6][%cal Rc1c6]} Qd5 18. Nd4 (18. Qa3 $5) 18... c5 19.
Qb5 (19. Qb3 $5) 19... Bh3 $1 20. gxh3 Qg5+ 21. Kf1 cxd4 22. Qxg5 hxg5 23. exd4
Rad8 24. Rb4 {1/2-1/2 Doroshkievich,V-Zilberstein,V/USSR 1972 (47)}) 16... Ba6
{[%csl Re1][%cal Ga6f1] Schwarz hat einen Bauern weniger, aber der weisse
König steht unsicher in der Mitte.} 17. Qa3 {[%cal Ra3a6]} Bd3 (17... Bb5 18.
Nd4 Qg6 19. Rg1 $14) 18. Nd4 {[%csl Gd4] Der Springer steht ausgezeichnet auf
dem d4-Vorposten.} Qg6 19. Rg1 $14 {Schwarz hat etwas Kompensation für den
Bauern, aber ich bin nicht sicher, ob sie ausreichend ist.} Rfd8 {[%cal Gd8d4,
Gd8d5,Gd5h5] Schwarz aktiviert den Turm. Weiss muss eventuell mit dem
Qualitätsopfer auf d4 rechnen.} 20. Qb2 Rd5 $6 {Der Turm kommt auf der fünften
Reihe ins Spiel, aber es war besser, die Züge ...Rab8 Qc3 einzuschalten.} (
20... Rab8 $142 $5 21. Qc3 $14) 21. f3 {[%cal Ge1f2]} Rh5 {[%cal Rh5h2]} 22.
Kf2 $1 {Weiss gibt das Material zurück und bringt seinen König in Sicherheit.}
Rxh2 23. e4 $6 {[%csl Yf5][%cal Gd4f5] Weiss bereitet den Zug 24.Nf5 vor.} (23.
Qb7 $5 $16 {[%cal Rb7c6,Rb7a8]}) 23... Ba6 (23... Qf6 $132 {[%cal Gf6b2,Gf6h4,
Gh4f2]}) 24. Nf5 {[%csl Gf5][%cal Rf5e7,Re7g8,Re7g6]} Re8 25. Rcd1 $16 {
[%cal Gd1d7] Weiss hat die viel bessere Figurenkoordination. Sein f5-Springer
steht ausgezeichnet und er beherrscht die d-Linie.} Kh7 26. Rd6 {[%cal Rd6c6,
Rd6g6]} Re6 27. Qd2 Qf6 28. Rd1 {[%csl Rh2] Der schwarze Turm h2 ist vom Spiel
abgeschnitten.} Rh5 {[%cal Gh5c5]} 29. Qd4 {Weiss möchte nach Damentausch ein
chancenreiches Endspiel erreichen.} Rxf5 $5 {Diese Qualitätsopfer bietet
Schwarz praktische Gegenchancen.} (29... Qxd4+ 30. R1xd4 $16 {[%csl Ra7,Rc6]
[%cal Gd4a4,Ga4a7]}) 30. exf5 Re2+ {[%cal Re2f2,Re2a2]} 31. Kg1 (31. Kg3 $6
Qxf5 $132 {[%csl Rg3]}) 31... Qxf5 $44 32. a4 Qg5 {[%csl Rg2][%cal Rg5g2]} 33.
Qg4 Qxc5+ (33... Qxg4 34. fxg4 $18 {[%csl Rc6]}) 34. Kh2 Re5 $6 {[%cal Re5h5,
Rh5h2]} (34... Bc4 $5 $44 {[%cal Gc4d5,Gc4e6]}) 35. Qd4 Qa5 (35... Rh5+ 36. Kg1
$14) (35... Qxd4 $6 36. R1xd4 $14) 36. Rd7 {[%csl Gd7][%cal Rd7f7,Rd7a7]} Be2
$2 (36... Re2 $44 {[%csl Ge2]} 37. Rxf7 $4 Qh5+ $19 {[%cal Rh5f7,Rh5h2]}) 37.
Rd2 $16 a6 $2 {Das ist ein schwerer Fehler für einen Grossmeister!} 38. Rxe2
$18 Rxe2 39. Qd3+ {[%cal Rd3h7,Rd3e2]} f5 40. Qxe2 Qxa4 {Schwarz hat drei
Bauern für den Turm, aber das ist zu wenig. Weiss steht auf Gewinn.} 41. Qe5 {
[%csl Rg7][%cal Re5f5,Rf5h7,Re5g7]} Qh4+ 42. Kg1 Qg5 43. Kf2 {Schwarz gab in
verlorener Stellung auf.} 1-0

[Event "Abu Dhabi op 13th"]
[Site "Abu Dhabi"]
[Date "2003.08.23"]
[Round "7"]
[White "Sargissian, Gabriel"]
[Black "Dizdar, Goran"]
[Result "1-0"]
[WhiteElo "2600"]
[BlackElo "2525"]
[Annotator "Ribli,Z"]
[PlyCount "167"]
[EventDate "2003.08.16"]
[EventType "swiss"]
[EventRounds "9"]
[EventCountry "UAE"]
[SourceTitle "CBM 097"]
[Source "ChessBase"]
[SourceDate "2003.11.11"]
[SourceVersion "1"]
[SourceVersionDate "2003.11.11"]
[SourceQuality "1"]

1. d4 Nf6 2. c4 e6 3. Nf3 d5 4. Nc3 Bb4 5. cxd5 exd5 {Großmeister Dizdar
spielt gerne die Ragosin-Variante.} 6. Bg5 h6 7. Bh4 c5 {Diese Variante (die
gerne von Großmeister Sosonko gespielt wird) ist ein relativ seltener Gast in
der modernen Turnierpraxis. Die Alternative g5 ist populärer.} (7... g5 8. Bg3
Ne4) 8. e3 g5 9. Bg3 Ne4 10. Bb5+ Bd7 (10... Kf8 11. Rc1 (11. dxc5 Nxc3 12.
bxc3 Bxc3+ 13. Ke2 Bxa1 14. Qxa1 f6 15. h4 g4 (15... Kg7 $1 $13) 16. Nd4 Kf7
17. Bd3 Nd7 18. Qc3 Ne5 19. Nb5 $44 {1-0 Kasparov,G-Sosonko,G/Tilburg 1981/MCD
(29)}) (11. O-O $5 Bxc3 12. bxc3 c4 13. Ne5 Nxc3 14. Qh5 Qf6 15. f4 $1 {
1-0 Sokolov,I-Sosonko,G/Rotterdam 1998/CBM 66/[Ribli] (42)}) 11... c4 12. Qa4
Bxc3+ 13. bxc3 a6 14. Qb4+ Qe7 15. Qxe7+ Kxe7 16. Ba4 b5 17. Bd1 Nc6 18. Nd2
Nxg3 19. hxg3 f5 20. f3 Be6 21. e4 {1-0 Pert,N-Richardson,J/West Bromwich ENG
2002/(46)}) 11. Bxd7+ Nxd7 12. dxc5 $1 {Das ist die prinzipielle Fortsetzung
für Weiß.} (12. Rc1 c4 13. Nd2 Nxd2 14. Qxd2 Qa5 15. O-O O-O 16. f4 Bxc3 17.
bxc3 Nf6 18. fxg5 Ne4 19. Qb2 hxg5 {1/2-1/2 Pedersen,F-Kupreichik,V/Aarhus
1997/EXT 99 (30)}) (12. O-O Bxc3 13. bxc3 c4 $13) 12... Nxc3 13. Qd4 Nxa2+ 14.
Ke2 Qf6 $146 (14... O-O 15. Bd6 (15. Rxa2 $5 Bxc5 16. Qxd5 $14) 15... Bxc5 16.
Bxc5 Nxc5 17. Qxc5 Rc8 {~/= Bangiev,A-Foigel,I/USSR 1982}) 15. Rxa2 Qxd4 16.
exd4 O-O 17. h4 {[%mdl 4] Nach etlichen Vereinfachungen haben wir eine
Stellung, in der Weiß Raumvorteil hat und der b4B ein wenig unglücklich steht.
Die weiße Partiefortsetzung ist typisch in solchen Stellungen, Weiß möchte
weiter Schwächen am schwarzen Königsflügel erzeugen.} f6 (17... g4 18. Ne1 {
[%cal Ge1d3]} Rfe8+ 19. Kd1 Bxe1 20. Rxe1 Rxe1+ 21. Kxe1 Nf8 22. Kd2 Ne6 23.
Kd3 $14) 18. Kd3 {[%csl Gd3] Der d3K steht gut im Zentrum.} Rfe8 19. hxg5 hxg5
20. Raa1 Re6 $6 (20... a5 21. Ne1 f5 (21... Bxe1 22. Rhxe1 Rxe1 23. Rxe1 Kf7
24. Bd6 Re8 25. Ra1 Ra8 26. b3 $16) 22. Bd6 b6 23. c6 Bxd6 24. cxd7 Red8 25.
Rh5 $14) 21. Rh6 $1 $16 {[%csl Re6][%cal Ga1h1,Gh1h8,Gf3g5] Droht jetzt 22.
Nxg5 mit Bauerngewinn und auch 22.Rah1 mit unangenehmem Angriff.} Bxc5 {
Schwarz opfert die Figur, um taktische Gegenchancen zu finden.} (21... Nf8 22.
Bd6 $17) 22. dxc5 (22. Rah1 Bf8 23. Nxg5 Re3+ $5 (23... Bxh6 24. Nxe6) 24. fxe3
Bxh6 25. Rxh6 (25. Ne6 Re8 26. Rxh6 Rxe6 27. Rh5 Nb6 28. b3 $14) 25... fxg5 26.
Rg6+ $16) 22... Nxc5+ 23. Kd4 {"Der König ist eine starke Figur' - sagte
seinerzeit Steinitz, der erste Weltmeister. In dieser Partie bietet der
Vormarsch des weißen Königs die beste Verteidigung.} (23. Kc3 Rb6 (23... Rc8
24. Rxa7 $16) 24. Rah1 $16) 23... Nb3+ (23... Rc6 24. Rah1 $18) 24. Kxd5 Rc6
25. Rah1 Kg7 (25... Rd8+ 26. Ke4 $18 {[%cal Ge4f5]}) 26. Rh7+ (26. Ne5 $1 Rd8+
(26... Rc5+ 27. Ke4 (27. Ke6 Re8+ 28. Kd7 Rexe5 29. Bxe5 Rxe5 30. Rh7+ Kg8 31.
Kc8 $18) 27... Nd2+ 28. Kf5 $18) 27. Ke4 f5+ 28. Kxf5 Rxh6 29. Rxh6 Kxh6 30.
Nf7+ $18 {[%cal Rf7d8,Rf7h6]}) 26... Kg6 27. Rxb7 (27. R1h6+ Kf5 28. Rxb7 Rc5+
29. Kd6 $18) 27... Rc5+ 28. Kd6 Rd8+ 29. Ke7 Na5 30. Kxd8 (30. Rc7 Rxc7+ 31.
Bxc7 Nc6+ 32. Ke6 Nd4+ 33. Nxd4 Rxd4 $18) 30... Nxb7+ 31. Kd7 Rc2 32. b4 Rb2
33. Nd4 (33. Ra1 Rxb4 34. Rxa7 Nc5+ 35. Kc6 Ne4 36. Kd5 Nxg3 37. fxg3 Rb2 38.
Nd4 Rxg2 39. Ra3 $16) 33... Rxb4 34. Ne6 Rb2 35. Rh8 Na5 36. Rc8 (36. Rg8+ Kh7
(36... Kf7 37. Rg7#) (36... Kf5 37. f3 $18) (36... Kh5 37. Ke7 $18) 37. Rg7+
Kh6 38. Ke7 Re2 39. Rg8 $18 (39. Kxf6 $4 Rxe6+ 40. Kxe6 Kxg7 $11)) 36... Rd2+
37. Ke7 Re2 38. Rc3 (38. Rf8 Nc6+ 39. Kd6 Nb4 40. Rg8+ Kh5 41. Ke7 $18) 38...
Nb7 39. Kd7 Kf7 40. Kc7 $4 (40. Nd4 $18) 40... Kxe6 41. Kxb7 f5 $132 {[%cal
Gf5f4]} 42. Rc6+ (42. Re3+ $2 Rxe3 43. fxe3 Kd5 44. Kxa7 Ke4 45. Bf2 f4 46.
exf4 gxf4 $11) 42... Kf7 43. Rc5 Kf6 44. Rc6+ Kf7 45. Rc4 f4 46. Bxf4 Rxf2 $1 (
46... gxf4 47. Rxf4+ Kg6 48. Kxa7 Rb2 $16) 47. Bxg5 Rxg2 48. Be3 Ke6 49. Bxa7
$14 {[%mdl 4096] Theoretisch ist das Endspiel Turm und Läufer gegen den Turm
Remis, aber der Verteidiger muss sehr präzise dabei agieren. Es gibt viele
Beispiele, mit Weltklassespielern, die dieses Endspiel mit dem Turm schon
verloren haben.} Kd5 50. Rd4+ Ke5 51. Rd1 Rc2 52. Bd4+ Kd5 53. Kb6 Ke4 54. Bc5
Rh2 55. Kb5 Rb2+ 56. Kc6 Rh2 57. Re1+ Kd3 58. Re3+ {Weiß geht stufenweise vor.}
Kc2 59. Re4 Kc3 60. Bd4+ Kd3 61. Kd5 Rh7 62. Re3+ Kd2 63. Rg3 Re7 64. Be5 Re8
65. Ke4 Re7 66. Rg2+ Ke1 67. Ra2 Re8 {Diese Stellung kann man in
Endspielbüchern als Remisposition finden. Ich muss bemerken, dass wir mit der
Aufstellung e3K und e4B die bekannte Gewinnstellung Philidors aus dem 18.
Jahrhundert vor uns hätten.} 68. Kd4 Kf1 69. Bf4 Re7 $6 (69... Re2 $1 70. Bd2
Kg2) 70. Be3 Rf7 71. Ke4 Ke1 72. Kd3 Kf1 73. Rc2 Rf8 74. Ke4 Rh8 $6 (74... Re8+
$2 75. Kf3 Rf8+ 76. Bf4 $18 {Das ist die bekannte Gewinnstellung von Philidor.}
) (74... Ke1 $142) (74... Rf7 $142) 75. Bf4 Rh3 76. Ra2 Kg1 (76... Ke1 $142)
77. Be3+ Kh1 (77... Kf1 $142) 78. Ra1+ Kg2 (78... Kh2 $142) 79. Rg1+ Kh2 80.
Rg8 Rh7 81. Kf3 Rf7+ $2 (81... Rh3+ $142 82. Kf2 Rh7 83. Bf4+ Kh3 84. Kf3 Kh4)
82. Bf4+ $18 {Der schwarze König befindet sich im Mattnetz.} Kh1 83. Rh8+ Kg1
84. Ra8 1-0

[Event "Governor's Cup"]
[Site "Kramatorsk"]
[Date "2001.10.03"]
[Round "2"]
[White "Moiseenko, Alexander"]
[Black "Aleksandrov, Aleksej"]
[Result "1-0"]
[WhiteElo "2581"]
[BlackElo "2646"]
[Annotator "Ribli,Z"]
[PlyCount "79"]
[EventDate "2001.10.02"]
[EventType "tourn"]
[EventRounds "10"]
[EventCountry "UKR"]
[EventCategory "15"]
[SourceTitle "CBM 086"]
[Source "ChessBase"]
[SourceDate "2002.02.05"]
[SourceVersion "1"]
[SourceVersionDate "2002.02.05"]
[SourceQuality "1"]

1. d4 Nf6 2. c4 e6 3. Nf3 d5 4. Nc3 Bb4 {Großmeister Aleksandrov spielt die
sogenannte Ragozin-Variante gern.} 5. cxd5 {Das ist die prinzipielle Antwort.}
(5. Bg5 {Dieser Zug wäre auch gut, aber in diesem Fall muss Weiß mit 5...dxc4
rechnen, was zur Wiener Variante führen würde.}) 5... exd5 6. Bg5 h6 7. Bh4 (7.
Bxf6) 7... c5 8. e3 (8. Rc1 c4 9. e3 O-O 10. Be2 Bf5 11. O-O Bxc3 12. bxc3 Nbd7
13. Nd2 Re8 {1/2-1/2 Filippov,V-Aleksandrov,A/Bad Woerishofen GER 2001/(13)})
8... c4 {Dieser ambitionöse Zug ist riskant - Schwarz bestimmt die
Bauernstellung im Zentrum, aber ich glaube, es wäre besser die Entwicklung
fortzusetzen.} (8... O-O 9. Bd3 (9. dxc5 Nbd7 10. Rc1 Qa5 11. Nd2 b6 12. c6 d4
13. exd4 Re8+ 14. Be2 Ba6 15. cxd7 Nxd7 16. O-O Bxc3 17. Bxa6 Bxd2 18. Rc7 Qxa6
19. Qxd2 Re2 20. Qd1 Nf8 21. d5 {1-0 Horvath,J-Zayac,E/Leeuwarden op 1993 (27)}
) 9... c4 10. Bc2 Bg4 11. O-O Bxc3 12. bxc3 Nbd7 13. Qb1 Bxf3 14. gxf3 $14 {
1/2-1/2 Sherbakov,R-Aleksandrov,A/Sochi 1997/CBM 62/[Ribli] (57)}) (8... Nc6)
9. Be2 $5 $146 {Eine interessante Idee - Weiß achtet nicht auf die Fesselung
des Nc3 sondern strebt eine schnelle Rochade an.} (9. Nd2 g5 (9... Be6 10. Be2
Nbd7 11. O-O O-O 12. f4 Nb6 13. Nf3 Bxc3 14. bxc3 Bg4 15. Ne5 Bxe2 16. Qxe2 Qd6
17. Bxf6 Qxf6 18. a4 {1/2-1/2 Gurieli,N-Matveeva,S/Kishinev 1995/EXT 97 (51)})
10. Bg3 Bf5 11. Be5 Bxc3 12. bxc3 Nbd7 13. Bd6 Qb6 14. Ba3 Qa6 15. Bb4 Qe6 16.
a4 Ne4 {0-1 Gauglitz,G-Dizdar,G/Halle 1987/CBM 05 (30)}) 9... g5 {Dieser Zug
ist typisch in der Ragozin-Variante - Schwarz schwächt seine Königsstellung,
aber er befreit sich von der unangenehmen Fesselung auf der h4-d8 Diagonale.}
10. Bg3 Ne4 11. Rc1 Qa5 12. O-O (12. Qc2 $2 Bf5 $17 (12... Qxa2)) 12... Bxc3
13. bxc3 Bf5 (13... Nxc3 14. Qd2 Nxe2+ 15. Qxe2 Bf5 16. e4 Bxe4 17. Ne5 $44 {
[%csl Re8]}) (13... Nc6) (13... O-O) 14. Ne5 $5 O-O (14... Nxc3 15. Rxc3 $1
Qxc3 16. Qa4+ Nd7 (16... Bd7 $2 17. Nxd7 Nxd7 18. Bg4 Rd8 19. Bc7 $18) (16...
Kf8 17. Qb5 $18) 17. Qb5 $16) 15. Bg4 Bh7 (15... Bxg4 16. Qxg4 Qxa2 (16... f5
$2 17. Qh5 Qa6 18. Ng6 $18) (16... Kg7 17. Nxc4 $16) (16... Nxc3 17. Qh5 $16)
17. Qh5 Qa6 18. h4 gxh4 19. Bf4 $40) 16. Bh3 $1 {[%cal Gd1h5] Dieser Läuferzug
macht den Weg (d1-h5 Diagonale) für die Dame frei.} Nc6 (16... f6 17. Qh5 $1
fxe5 18. Bxe5 $1 {[%csl Ge5,Gh3,Gh5] Weiß hat eine Figur weniger, aber droht
das tödliche Schach auf e6; Weiß hat großen Angriff.} Qa6 (18... Qb6 19. f3 Nd2
20. Rf2 Nb1 21. Rb2 $1 Qc6 (21... Qxb2 22. Be6+ $18) 22. Rxb7 $18) 19. f3 Nd2
20. Rfd1 Nxf3+ 21. gxf3 Bd3 (21... Qg6 22. Qg4 $36) 22. f4 Qg6 23. Qxg6+ Bxg6
24. Bg2 Be4 25. Bxe4 dxe4 26. Rb1 b6 27. fxg5 hxg5 28. Rb5 Nd7 29. Bg3 $16) 17.
Qh5 {[%mdl 128]} Nxg3 (17... Nxe5 18. Bxe5 f6 19. f3 $1 Nxc3 (19... fxe5 20.
fxe4 Kg7 21. Bf5 $40) 20. Qxh6 Ne2+ 21. Kf2 fxe5 22. Qxg5+ Kf7 (22... Kh8 $2
23. Qxe5+ Kg8 24. Be6+ $18) 23. dxe5 $40 {[%csl Rf7]}) 18. fxg3 {[%cal Gf1f7]}
Nxe5 19. dxe5 Qb6 20. e6 $1 f5 (20... Bd3 21. Qxh6 $1 Qxe3+ 22. Kh1 Bxf1 23.
Rxf1 Qxc3 24. exf7+ Rxf7 25. Be6 Raf8 26. Qxg5+ Qg7 27. Qxd5 c3 28. Qxb7 c2 (
28... Qg6 29. Qb3 c2 30. Kg1 Kh8 31. Bxf7 Rxf7 32. Rc1 $18) 29. Rxf7 Rxf7 (
29... c1=Q+ 30. Rf1+ $18) 30. Qc8+ Kh7 31. Qxc2+ Kh8 32. h4 Qxg3 33. Qc8+ (33.
Bxf7 Qxh4+ 34. Kg1 Qe1+ $11) 33... Kg7 34. Bxf7 Qxh4+ 35. Qh3 Qe1+ 36. Kh2 $16)
21. Qxh6 $16 g4 (21... Qxe3+ 22. Kh1 Rae8 23. Rfe1 Qd2 24. Rcd1 Qxc3 25. Qxg5+
Qg7 26. Qd2 $16 {[%csl Rd5]}) 22. Bxg4 $1 fxg4 23. Rf7 $6 {Dieser Zug ist auch
nicht schlecht, aber das Damenschach wäre noch besser.} (23. Qg5+ $1 Kh8 24. e7
Rfe8 25. Rf6 Qb2 26. Rcf1 $18) 23... Rxf7 24. exf7+ Kxf7 25. Qxh7+ Ke6 26. Qg6+
(26. Rf1 $5 Qxe3+ 27. Kh1 $40 {[%csl Re6]}) 26... Ke5 (26... Ke7 27. Qg5+ Ke6 {
Das ist der Übergang zur Partiefortsetzung.} (27... Ke8 28. Qe5+ $18)) 27. Qg5+
Kd6 28. Rd1 Qc5 29. Qf6+ Kd7 (29... Kc7 30. Qe5+ Kc6 31. Qe6+) 30. Qe5 Kc6 31.
Qe6+ Qd6 32. Qxd6+ {Weiß hat nichts Besseres, er muss die Damen tauschen, aber
das Turmendspiel ist sehr vorteilhaft für ihn.} Kxd6 33. e4 {[%csl Rd5][%cal
Rd1d6][%mdl 4096]} b5 {Auf diese Weise gewinnt Weiß den Schlüsselbauern - d5.}
34. Rxd5+ Kc6 35. h4 $18 {Weiß hat nur einen Bauern mehr, aber der ernfernte
h-Bauer und der starke d5-R entscheiden die Partie.} a5 36. a3 {Natürlich
verteidigt sich Weiß gegen den Zug 36...b4.} Re8 37. Rd4 Kb6 38. Kf2 b4 39.
axb4 a4 40. Rd6+ (40. Rd6+ Kb7 (40... Kb5 41. Rd5+ Kb6 42. Ra5 $18) (40... Kc7
41. Ra6 $18) 41. Ke3 a3 42. Rd2 Ra8 43. Ra2 Kc6 44. Kd4 Kb5 45. e5 Rd8+ (45...
Ka4 46. Kxc4 Rc8+ 47. Kd4 Kb3 48. Ra1 $18) 46. Ke4 Ka4 47. e6 $18) 1-0

[Event "RUS-ch KO"]
[Site "Moscow"]
[Date "1999.12.16"]
[Round "1.2"]
[White "Korotylev, Alexey"]
[Black "Pushkov, Nikolai"]
[Result "1-0"]
[WhiteElo "2480"]
[BlackElo "2553"]
[Annotator "Ribli,Z"]
[PlyCount "79"]
[EventDate "1999.12.04"]
[EventType "k.o."]
[EventRounds "6"]
[EventCountry "RUS"]
[SourceTitle "CBM 075"]
[Source "ChessBase"]
[SourceDate "2000.04.05"]
[SourceVersion "1"]
[SourceVersionDate "2000.04.05"]
[SourceQuality "1"]

1. d4 d5 2. c4 e6 3. Nc3 Nf6 4. Nf3 Nbd7 5. Bg5 Bb4 {Die Ragozin Variante ist
ein Zwitter des Damengambits und der Nimzoindischen Verteidigung.} 6. cxd5 exd5
7. e3 c5 8. Bd3 Qa5 9. Qc2 {Das ist der traditionelle Aufbau gegen de Ragozin
Variante. Ich möchte anmerken, dass auch der vierte Weltmeister Aljechin vor
vielen Jahren so spielte.} (9. O-O O-O (9... c4 $5) 10. Nxd5 Nxd5 11. a3 cxd4
12. axb4 Qxb4 13. Nxd4 (13. Ra4 Qxb2 14. Rxd4 Nc3 15. Qc1 Ne2+ 16. Bxe2 Qxe2
17. Qc7 Qb5 18. Rfd1 f6 19. Bf4 Re8 20. Rd5 $44 {1/2-1/2 Garcia Gonzales,
G-Ljubojevic,L/Luzern 1982/EXT 97-B (28)}) 13... Qxb2 (13... h6 14. Bh4 Nc5 15.
Bc2 Qxb2 16. Qh5 Ne6 17. Rab1 Qc3 18. Rbc1 Nxd4 19. Bh7+ Kxh7 20. Rxc3 Nxc3 21.
exd4 Be6 22. Qf3 Nd5 23. Qe4+ Kg8 24. f4 Nb6 25. f5 Bd5 26. Qg4 f6 27. Re1 Rf7
28. Re6 Rc8 29. Re2 a5 {0-1 Novikov,I-Pytel,K/Yerevan 1984/MCD (53)}) 14. Rb1
Qa2 15. Ra1 Qb2 16. Rb1 Qc3 17. Rb3 Qc7 18. Nb5 Qe5 19. f4 Qe6 20. Nd4 Qe8 21.
Nf5 Nc5 22. Nxg7 Kxg7 23. Qh5 Qxe3+ 24. Kh1 Nxd3 25. Bf6+ Nxf6 26. Qg5+ {
Plachetka,J-Hansen,C/Kobenhavn (m/6) 1985 (26)}) 9... O-O 10. O-O Re8 $6 $146 {
[%mdl 8192] Diese "Neuerung" gefällt mir nicht. Schwarz muss die traditionelle
Fortsetzung 10...c4 spielen.} (10... c4 $5) {[#]} 11. Nxd5 $1 {Mit dieser
Vereinfachung bekommt Weiß Vorteil. Der Bb4 steht schlecht.} Nxd5 12. a3 Qb6 (
12... h6 13. Bh4 $14 (13. axb4 Qxb4 14. e4 c4 $8 15. Bxc4 N5b6 16. Bb3 hxg5 17.
Nxg5 Re7 $13)) 13. Bc4 (13. Bxh7+ Kh8 14. axb4 Nxb4 15. Qb1 g6 $17) 13... N7f6
(13... cxd4 14. Bxd5 $16) 14. axb4 cxd4 (14... Nxb4 15. Qb3 Be6 16. Bxf6 gxf6
17. dxc5 Qxc5 18. Rac1 $16 {Weiß hat deutlichen positionellen Vorteil. Die
schwarze Bauernstruktur ist schlecht.}) 15. Nxd4 Be6 (15... Qxb4 16. Rfc1 $14)
(15... Nxb4 16. Qb3 $16) 16. Nxe6 fxe6 17. Bxf6 (17. b5 $16) 17... Nxf6 18. b5
$16 {Weiß hat einen Bauern mehr und einen augezeichnet postierten Bc4.} Kh8 19.
Rad1 Rac8 20. b3 Rc5 (20... Qxb5 $2 21. Bxb5 $18) 21. Qd3 Nd5 22. Qd4 (22. b4
Nxb4 23. Qd7 Rcc8 24. Rd6 $16) 22... Qc7 (22... e5 23. Qh4 $16) 23. Rd2 e5 24.
Qg4 (24. Qh4 $16) 24... Nf6 25. Qf5 e4 26. Qf4 Rce5 (26... Qxf4 27. exf4 $16 {
Es ist wahr, dass Weiß zwei Doppelbauern hat - aber seine Figuren stehen aktiv
und der Pa7 ist kaum zu halten.}) 27. Rfd1 h6 28. h3 Qe7 29. Rd8 (29. Ra1 $5
Ra8 30. Rda2 b6 31. Rxa7 Rxa7 32. Rxa7 Qxa7 33. Qxe5 $18) 29... Rxd8 30. Rxd8+
Kh7 (30... Qxd8 31. Qxe5 $16) 31. Ra8 Nd5 32. Qf8 (32. Qg3 $5 $18) 32... Qxf8
33. Rxf8 {Nach Vereinfachungen hat Weiss gute Gewinnchancen im Endspiel. Die
schwarzen Bauern sind schwach.} Nc3 34. Rf7 b6 (34... Nxb5 35. Rxb7 a6 36. Rb6
$18) 35. Rxa7 Rf5 (35... Nxb5 36. Rb7 $18) 36. Rb7 Rf6 37. Rd7 Rf5 38. Rd6 Nxb5
(38... Rf6 39. Rc6 $18) 39. Rxb6 $18 {Weiß hat schon zwei gesunde Mehrbauern
und steht daher deutlich auf Gewinn.} Na3 40. Re6 {Schwarz verliert auch noch
den Pe4, daher gab er auf.} 1-0